Belle Catherine /
Saved in:
| Main Author: | |
|---|---|
| Format: | Book |
| Language: | English French |
| Published: |
London :
Pan in association with William Heinemann,
1968.
|
| LEADER | 00968nam a2200241 a 4500 | ||
|---|---|---|---|
| 001 | c000263182 | ||
| 003 | CARM | ||
| 005 | 20070621134658.0 | ||
| 008 | 771121s1968 enk 000 1 eng d | ||
| 019 | 1 | |a 43677060 |5 LACONCORD2021 | |
| 020 | |a 0330020579 (pbk.) | ||
| 035 | |a (OCoLC)30295173 |5 LACONCORD2021 | ||
| 040 | |a VCAV |b eng |c VCAV | ||
| 041 | 1 | |a eng |a fre | |
| 100 | 1 | |a Benzoni, Juliette. | |
| 240 | 1 | 3 | |a La belle Catherine |
| 245 | 1 | 0 | |a Belle Catherine / |c Juliette Benzoni ; translated by Jocasta Goodwin. |
| 260 | |a London : |b Pan in association with William Heinemann, |c 1968. | ||
| 300 | |a 317 p. ; |c 18 cm. | ||
| 500 | |a Originally published in French under the title "La belle Catherine" : Paris, Editions de Trévise, 1966. | ||
| 852 | 8 | |b CARM |h A1:AN10A0 |i A04421 |p 0380614 |f BK | |
| 999 | f | f | |i d008ce31-cb95-5ee1-9ae3-ef3e8ee2e9cb |s 7dd20503-8db8-5dba-9d04-e2c42042df4c |
| 952 | f | f | |p Can circulate |a CAVAL |b CAVAL |c CAVAL |d CARM 1 Store |e A04421 |f A1:AN10A0 |h Other scheme |i book |m 0380614 |